[Event "Rio de Janeiro Brazil op"]
[Site "Rio de Janeiro"]
[Date "2010.02.20"]
[Round "2"]
[White "Toth, Christian Endre"]
[Black "Zacarias, Rodrigo Medeiros"]
[Result "1-0"]
[WhiteElo "2360"]
[BlackElo "2050"]
[PlyCount "69"]
[EventDate "2010.02.19"]
[EventType "swiss"]
[EventRounds "6"]
[EventCountry "BRA"]
[SourceTitle "CBM 134 Extra"]
[Source "ChessBase"]
[SourceDate "2010.03.03"]
[SourceVersion "1"]
[SourceVersionDate "2010.03.03"]
[SourceQuality "1"]

1. d4 Nf6 2. c4 c5 3. d5 b5 4. cxb5 a6 5. bxa6 g6 6. Nc3 Bxa6 7. e4 Bxf1 8. Kxf1 d6 9. Nf3 Nbd7 10. g3 Bg7 11. Kg2 0-0 12. h3 Ra6 13. Re1 Qa8 14. Bg5 h6 15. Bd2 e6 16. dxe6 fxe6 17. Qc2 d5 18. exd5 exd5 19. Re7 d4 20. Bxh6 Ne8 21. Ne4 Bxh6 22. Rxd7 Nf6 23. Rd6 Nxe4 24. Rxa6 Qxa6 25. Qxe4 Be3 26. Re1 Qxa2 27. Qxg6+ Kh8 28. Qh5+ Kg8 29. Qxc5 Rxf3 30. Kxf3 Qf7+ 31. Ke4 Qxf2 32. Qc8+ Kg7 33. Qg4+ Kh8 34. Re2 Qg1 35. Rc2 1-0

[Event "American Continental 06th"]
[Site "Sao Paulo"]
[Date "2009.08.02"]
[Round "10"]
[White "Toth, Christian Endre"]
[Black "Gomez, Gustavo Pizzocaro"]
[Result "1-0"]
[WhiteElo "2357"]
[BlackElo "2173"]
[PlyCount "59"]
[EventDate "2009.07.25"]
[EventType "swiss"]
[EventRounds "11"]
[EventCountry "BRA"]
[SourceTitle "EXT 2022"]
[Source "ChessBase"]
[SourceDate "2021.10.06"]
[SourceVersion "1"]
[SourceVersionDate "2021.10.06"]
[SourceQuality "1"]

1. d4 Nf6 2. c4 e6 3. Nc3 Bb4 4. Qc2 c5 5. dxc5 Bxc5 6. Nf3 Nc6 7. Bg5 Be7 8. e4 a6 9. e5 Ng4 10. Bf4 f5 11. exf6 Nxf6 12. Be2 0-0 13. 0-0 Nh5 14. Be3 Nf4 15. Rfd1 Nxe2+ 16. Qxe2 b5 17. cxb5 axb5 18. Nxb5 Ba6 19. a4 d5 20. Rac1 Qd7 21. Bc5 Rae8 22. Qd2 Bb7 23. b3 Bxc5 24. Rxc5 Qe7 25. Rc3 Rc8 26. Re3 Rfe8 27. Rde1 Nd8 28. Nbd4 Qf6 29. Ne5 Nf7 30. Nxf7 1-0